000 00325 a2200157 4500
001 60128
020 _a
040 _cAnchieta - Pituba
100 _aMénard, René
240 1 0 _aMitologia Greco-Romana
_lpor
245 1 0 _aMitologia Greco-Romana
300 _a297
362 0 _a1991
650 4 _aMitologia
942 _cBK
999 _c60128
_d60128